Sistemas agroforestales tradicionales en el Guaviare : (Registro nro. 1476)

Detalles MARC
000 -CABECERA
Campo de control 01266nam a2200337 a 4500
005 - FECHA Y HORA DE LA ULTIMA TRANSACCION
Campo de control 20191224041604.0
008 - ELEMENTOS DE LONGITUD FIJA—INFORMACION GENERAL
Campo de control 140227t1999 ck ad fr|||| 00| 0 spa d
020 ## - ISBN
ISBN 958953781 (Estudios en la amazonia Colombiana)
020 ## - ISBN
ISBN 958936506x (Voumen XVI)
040 ## - FUENTE DE CATALOGACIÓN
Agencia catalogadora original CO-BoIAVH
Agencia transcriptora CO-BoIAVH
041 0# - IDIOMA
Código de idioma para texto/pista de sonido o título separado Español
044 ## - PAÍS DE PUBLICACIÓN
País de publicación Colombia
090 ## - CLASIFICACIÓN LOCAL
Colección RE
Consecutivo 00060
100 1# - ASIENTO PRINCIPAL--NOMBRE PERSONAL
Nombre personal López Rojas, Beatríz Elena
9 (RLIN) 12459
245 10 - MENCION DE TITULO
Título Sistemas agroforestales tradicionales en el Guaviare :
Parte restante del título Evaluación biofísica y socioeconómica d algunos casos en el área de colonización
246 11 - FORMA VARIANTE DEL TITULO
Título propiamente dicho/forma breve del título Traditional agroforestry systems in Guaviare
260 ## - PUBLICACION, DISTRIBUCION, ETC. (PIE DE IMPRENTA)
Lugar de publicación, distribución, etc. Bogotá :
Nombre del editor, distribuidor, etc. Tropenbos Colombia ,
Fecha de publicación, distribución, etc. c1999.
300 ## - DESCRIPCION FISICA
Extensión 208 páginas :
Otros detalles físicos Ilustraciones, mapas , cuadros ;
Dimensiones 24 x17 cm.
490 0# - MENCION DE SERIE
Mención de serie Estudios en la amazonia Colombiana
Designación numérica/secuencial del volumen 16
650 #6 - ASIENTO SECUNDARIO DE MATERIA - TERMINO TEMATICO
Término temático o nombre geográfico como elemento de entrada Sistemas agroforestales
9 (RLIN) 8711
650 #6 - ASIENTO SECUNDARIO DE MATERIA - TERMINO TEMATICO
Término temático o nombre geográfico como elemento de entrada Conocimiento tradicional
9 (RLIN) 64676
650 #6 - ASIENTO SECUNDARIO DE MATERIA - TERMINO TEMATICO
Término temático o nombre geográfico como elemento de entrada Aspectos socioeconómicos
9 (RLIN) 64677
650 #6 - ASIENTO SECUNDARIO DE MATERIA - TERMINO TEMATICO
Término temático o nombre geográfico como elemento de entrada Tenencia de tierras
9 (RLIN) 4530
650 #6 - ASIENTO SECUNDARIO DE MATERIA - TERMINO TEMATICO
Término temático o nombre geográfico como elemento de entrada Uso del suelo
9 (RLIN) 3216
650 #6 - ASIENTO SECUNDARIO DE MATERIA - TERMINO TEMATICO
Término temático o nombre geográfico como elemento de entrada Manejo de recursos
9 (RLIN) 3533
650 #6 - ASIENTO SECUNDARIO DE MATERIA - TERMINO TEMATICO
Término temático o nombre geográfico como elemento de entrada Biodiversidad
9 (RLIN) 92204
650 #6 - ASIENTO SECUNDARIO DE MATERIA - TERMINO TEMATICO
Término temático o nombre geográfico como elemento de entrada Recursos forestales
9 (RLIN) 64680
650 #6 - ASIENTO SECUNDARIO DE MATERIA - TERMINO TEMATICO
Término temático o nombre geográfico como elemento de entrada Análisis económico
9 (RLIN) 64681
700 1# - ASIENTO SECUNDARIO - NOMBRE PERSONAL
Nombre personal Rincón Henao, Hernán Darío
9 (RLIN) 1683
942 ## - ELEMENTOS ADICIONALES (KOHA)
Tipo de ítem Libro
Sistema de clasificación Dewey Decimal Classification
Existencias
Withdrawn status Lost status Sistema de Clasificación Damaged status No para préstamo Colección Inventariado Ubicación Permanente Ubicación actual Fecha de adquisición Fuente de Valor Valor Total Checkouts Número topográfico Inventario / Código de Barras Date last seen Ejemplar Price effective from Forma de adquisición Tipo de material
    Local     General Inventariado 2017 Bogotá Bogotá 01/09/1999 Instituto 39000.00   RE-00060 002032 04/12/2012 T-16 Ej. 1 04/12/2012   Libro
    Local     General Inventariado 2017 Sala Fabio Quevedo Sala Fabio Quevedo 14/11/2001 Instituto 39000.00   RE-00060 004835 04/12/2012 T-16 Ej. 2 04/12/2012   Libro